01048nam a2200193 a 4500008004100000020001500041050001800056100002200074245003400096250001500130260004000145300002300185350000900208995014300217995016700360995015800527995015200685999001700837120416s2004 ||||||||||||||||| || u a0130491756 aHF 5415.3 Sch aSchiffman, Leon G10aConsumer behavior. -- 8th ed. a8th editio aUpper Sadde River,NJbPearsonc2004 axxiv, 587p. : ill. a0.00 aBINDERY (DAMAGED)D0.00e736625FCBU-MAIN LIBRARY (Kitwe)H1I30.00jHF 5415.3 SchM1UDAMAGEDy40686ZMain Library Open Access Collection aMAIN LIBRARY OPEN ACCESSD0.00e736627FCBU-MAIN LIBRARY (Kitwe)H2I30.00jHF 5415.3 SchM2UAVAILABLEWApr 26, 2006y040683ZMain Library Open Access Collection aBINDERY (DAMAGED)D0.00e736628FCBU-MAIN LIBRARY (Kitwe)H3I30.00jHF 5415.3 SchM3UDAMAGEDWApr 26, 2006y040685ZMain Library Open Access Collection aMAIN LIBRARY OPEN ACCESSD0.00e736626FCBU-MAIN LIBRARY (Kitwe)H4I30.00jHF 5415.3 SchM4UAVAILABLEy40684ZMain Library Open Access Collection c79863d79863